000 00344 a2200157 4500
001 73507
020 _a
040 _cAnchieta - Colégio São Paulo
100 _aAmado, Jorge
240 1 0 _aOs velhos marinheiros
_lpor
245 1 0 _aOs velhos marinheiros
300 _a321
362 0 _a1967
650 4 _aFicção brasileira
942 _cBK
999 _c73507
_d73507